Analýza nedokonalej konkurencie diplomová práca

Salvato in:
Dettagli Bibliografici
Autore principale: Petrulák, Milan
Ente Autore: Fakulta hospodárskej informatiky EU. Katedra operačného výskumu a ekonometrie
Altri autori: Goga, Marián
Natura: Libro
Lingua:slovacco
Pubblicazione: Bratislava 2009
Tags: Aggiungi Tag
Nessun Tag, puoi essere il primo ad aggiungerne!!

MARC

LEADER 00000nam$a2200000$$$4500
001 0097084
005 20240318134058.9
041 0 |a slo 
044 |a SK 
245 1 0 |a Analýza nedokonalej konkurencie  |b diplomová práca  |c Milan Petrulák ; škol. Marián Goga 
264 1 |a Bratislava  |c 2009 
300 |a 58 s. 
100 1 |a Petrulák, Milan 
700 1 |a Goga, Marián 
710 2 |a Fakulta hospodárskej informatiky EU. Katedra operačného výskumu a ekonometrie